[Event "Dos Hermanas rapid 31st"]
[Site "Dos Hermanas"]
[Date "2019.05.25"]
[Round "4"]
[White "Campora, Daniel Hugo"]
[Black "Alshameary Puente, Daniel"]
[Result "1-0"]
[WhiteElo "2420"]
[BlackElo "1929"]
[PlyCount "48"]
[EventDate "2019.05.25"]
[EventType "swiss (rapid)"]
[EventRounds "8"]
[EventCountry "ESP"]
[SourceTitle "CBM 190 Extra"]
[Source "ChessBase"]
[SourceDate "2019.07.15"]
[SourceVersion "1"]
[SourceVersionDate "2019.07.15"]
[SourceQuality "1"]

1. e4 c5 2. Nf3 d6 3. c3 Nf6 4. Bd3 e6 5. 0-0 Be7 6. Re1 0-0 7. Bc2 Nc6 8. d4 cxd4 9. cxd4 e5 10. d5 Nb8 11. h3 Nfd7 12. Nc3 Nc5 13. b4 Nca6 14. a3 f5 15. exf5 Bxf5 16. Bxf5 Rxf5 17. Qd3 Rf8 18. Ne4 Nd7 19. Neg5 Bxg5 20. Nxg5 Nf6 21. Ne6 Qd7 22. Nxf8 Rxf8 23. Be3 b6 24. Qxa6 Qd8 1-0

[Event "Andalucia-chA"]
[Site "Roquetas de Mar"]
[Date "2017.05.19"]
[Round "4"]
[White "Alshameary Puente, Daniel"]
[Black "Moron Hernandez, Carlos"]
[Result "1/2-1/2"]
[WhiteElo "2056"]
[BlackElo "1889"]
[PlyCount "115"]
[EventDate "2017.05.13"]
[EventType "swiss"]
[EventRounds "8"]
[EventCountry "ESP"]
[SourceTitle "EXT 2020"]
[Source "ChessBase"]
[SourceDate "2019.10.17"]
[SourceVersion "1"]
[SourceVersionDate "2019.10.17"]
[SourceQuality "1"]

1. d4 d5 2. Nf3 Nf6 3. g3 g6 4. Bg2 Bg7 5. 0-0 0-0 6. c4 c6 7. cxd5 cxd5 8. Ne5 Nc6 9. Nc3 e6 10. e4 Nxe5 11. dxe5 Nxe4 12. Nxe4 dxe4 13. Qxd8 Rxd8 14. Bf4 Bd7 15. Bxe4 Bc6 16. Bxc6 bxc6 17. Rac1 Rac8 18. Rfd1 Rd5 19. Rxd5 exd5 20. Rc5 h6 21. h4 g5 22. hxg5 hxg5 23. Bxg5 Bxe5 24. b3 Bd4 25. Rc2 f6 26. Bf4 Kf7 27. Kg2 Ke6 28. Kf3 Be5 29. b4 Kd6 30. Be3 d4 31. Bf4 a5 32. Rc4 axb4 33. Rxd4+ Kc5 34. Bxe5 fxe5 35. Re4 Re8 36. Ke2 Ra8 37. Kd3 Ra3+ 38. Kc2 Rxa2+ 39. Kb3 Ra3+ 40. Kb2 Rf3 41. Rxe5+ Kd4 42. Re2 c5 43. g4 Rf4 44. Rd2+ Kc4 45. Rc2+ Kb5 46. g5 Rg4 47. f4 Rxf4 48. Rg2 c4 49. g6 Rf8 50. g7 Rg8 51. Rg6 Kc5 52. Rg5+ Kd6 53. Rg4 Kd5 54. Rg5+ Ke6 55. Rg4 Kd5 56. Rg5+ Kc6 57. Rg6+ Kb5 58. Kc2 1/2-1/2

[Event "La Roda op 44th"]
[Site "La Roda"]
[Date "2017.04.13"]
[Round "3"]
[White "Trigo Urquijo, Sergio"]
[Black "Alshameary Puente, Daniel"]
[Result "1-0"]
[WhiteElo "2397"]
[BlackElo "2040"]
[PlyCount "51"]
[EventDate "2017.04.12"]
[EventType "swiss"]
[EventRounds "9"]
[EventCountry "ESP"]
[SourceTitle "CBM 177 Extra"]
[Source "ChessBase"]
[SourceDate "2017.04.27"]
[SourceVersion "1"]
[SourceVersionDate "2017.04.27"]
[SourceQuality "1"]

1. Nf3 d5 2. d4 Nf6 3. c4 c6 4. e3 e6 5. Bd3 Be7 6. 0-0 0-0 7. b3 Nbd7 8. Nbd2 b6 9. Bb2 Bb7 10. Qe2 c5 11. cxd5 Nxd5 12. Rac1 Bf6 13. Rfd1 cxd4 14. Nxd4 Qe7 15. Ne4 Nc5 16. Ba3 Bxd4 17. exd4 Nf4 18. Qe3 Nfxd3 19. Rxd3 Bxe4 20. Rdc3 Qb7 21. dxc5 Rfd8 22. f3 Bd5 23. cxb6 axb6 24. Rc7 Qa6 25. Bb2 f6 26. Bxf6 1-0

[Event "ESP-chT CECLUB Div2"]
[Site "Linares"]
[Date "2016.08.19"]
[Round "5"]
[White "Alshameary Puente, Daniel"]
[Black "Saborit Ripolles, Manuel"]
[Result "1-0"]
[WhiteElo "1897"]
[BlackElo "1959"]
[PlyCount "30"]
[EventDate "2016.08.16"]
[EventType "team"]
[EventRounds "6"]
[EventCountry "ESP"]
[SourceTitle "CBM 174 Extra"]
[Source "ChessBase"]
[SourceDate "2016.10.10"]
[SourceVersion "1"]
[SourceVersionDate "2016.10.10"]
[SourceQuality "1"]
[WhiteTeam "Alekhine Espartinas"]
[BlackTeam "Circulo Mercantil de Castellon"]
[WhiteTeamCountry "ESP"]
[BlackTeamCountry "ESP"]

1. d4 Nf6 2. Nf3 e6 3. g3 b6 4. Bg2 Bb7 5. 0-0 Be7 6. c4 0-0 7. Nc3 Ne4 8. Qc2 Nxc3 9. Qxc3 d5 10. Ne5 Nd7 11. Rd1 f6 12. Nd3 Nb8 13. c5 Nc6 14. Nf4 Qd7 15. b4 b5 1-0

[Event "Andalucia-ch U16"]
[Site "Islantilla"]
[Date "2012.04.14"]
[Round "6"]
[White "Alshameary Puente, Daniel"]
[Black "Orantes Taboada, Manuel"]
[Result "1-0"]
[WhiteElo "1580"]
[BlackElo "1951"]
[PlyCount "65"]
[EventDate "2012.04.13"]
[EventType "swiss"]
[EventRounds "9"]
[EventCountry "ESP"]
[SourceTitle "CBM 148 Extra"]
[Source "ChessBase"]
[SourceDate "2012.06.22"]
[SourceVersion "1"]
[SourceVersionDate "2012.06.22"]
[SourceQuality "1"]

1. e4 c5 2. Nf3 Nc6 3. d4 cxd4 4. Nxd4 Nf6 5. f3 g6 6. c4 Bg7 7. Be3 0-0 8. Nc3 d6 9. Qd2 Bd7 10. 0-0-0 Nxd4 11. Bxd4 Qa5 12. Kb1 Rfc8 13. Nd5 Qxd2 14. Rxd2 Nxd5 15. exd5 Bf5+ 16. Ka1 b5 17. Bxg7 Kxg7 18. g4 Bd7 19. Re2 Kf8 20. Re4 Rc7 21. Bd3 Rac8 22. b3 bxc4 23. Bxc4 f6 24. h4 Kf7 25. h5 g5 26. Rhe1 Re8 27. Kb2 Bc8 28. Bd3 f5 29. Rd4 e6 30. dxe6+ Rxe6 31. Rxe6 Bxe6 32. gxf5 Bc8 33. Rxd6 1-0

[Event "Andalucia-ch U16"]
[Site "Islantilla"]
[Date "2012.04.14"]
[Round "5"]
[White "Castillo Rodriguez, Angel Luis"]
[Black "Alshameary Puente, Daniel"]
[Result "1-0"]
[WhiteElo "1805"]
[BlackElo "1580"]
[PlyCount "47"]
[EventDate "2012.04.13"]
[EventType "swiss"]
[EventRounds "9"]
[EventCountry "ESP"]
[SourceTitle "CBM 148 Extra"]
[Source "ChessBase"]
[SourceDate "2012.06.22"]
[SourceVersion "1"]
[SourceVersionDate "2012.06.22"]
[SourceQuality "1"]

1. e4 c5 2. c4 Nc6 3. Nc3 g6 4. g3 Bg7 5. Bg2 d6 6. Nge2 Nf6 7. 0-0 0-0 8. d3 Ne8 9. Be3 Nc7 10. Qd2 Ne6 11. Bh6 Ned4 12. Bxg7 Kxg7 13. h3 a6 14. f4 Bd7 15. Nxd4 Nxd4 16. Ne2 Nc6 17. a4 Rb8 18. Kh2 b5 19. axb5 axb5 20. b3 Qc7 21. g4 Rb6 22. Nc3 Nd4 23. Nd5 Nxb3 24. Qc3+ 1-0

[Event "Andalucia-ch U14 1011"]
[Site "Almeria"]
[Date "2011.03.25"]
[Round "2.9"]
[White "Fernandez Floro, Noelia"]
[Black "Alshameary Puente, Daniel"]
[Result "1-0"]
[WhiteElo "1470"]
[BlackElo "1622"]
[PlyCount "83"]
[EventDate "2011.03.25"]
[EventType "swiss"]
[EventRounds "9"]
[EventCountry "ESP"]
[SourceTitle "EXT 2024"]
[Source "ChessBase"]
[SourceDate "2023.10.10"]
[SourceVersion "1"]
[SourceVersionDate "2023.10.10"]
[SourceQuality "1"]

1. d4 d5 2. Nf3 c6 3. e3 Nf6 4. Bd3 e6 5. Nbd2 Be7 6. b3 Nbd7 7. Bb2 0-0 8. Ne5 Qc7 9. Qf3 c5 10. Qh3 g6 11. Ndf3 cxd4 12. exd4 Bb4+ 13. Ke2 Bc3 14. Bxc3 Qxc3 15. Rhe1 Nxe5 16. dxe5 Ne4 17. Kf1 Nd2+ 18. Nxd2 Qxd2 19. Qe3 Qc3 20. Rad1 b6 21. Qd2 Qc7 22. Re3 d4 23. Re2 Bb7 24. Bc4 Rad8 25. Qf4 Qc5 26. Red2 b5 27. Be2 Rd5 28. Bf3 Rd7 29. Bxb7 Rxb7 30. Qxd4 Qc7 31. Qd7 Rc8 32. Qd6 a5 33. Qxc7 Rbxc7 34. Rd8+ Kg7 35. Rxc8 Rxc8 36. Rc1 Rc5 37. f4 Kh6 38. Ke2 Kh5 39. Kd3 b4 40. c4 bxc3 41. Rxc3 Rxc3+ 42. Kxc3 1-0